000
00251nam a22001217a 4500
040
_c
SY
082
_a
631
100
_a
KENICHI KAKUDOH
245
_a
Handbook of tropical soil management
260
_a
AICAF
_b
KEN
_c
2003
300
_a
153p.
942
_c
EK
999
_c
9786
_d
9786